000 00581nam a22001937a 4500
005 20251108164404.0
008 250721s1984 xx 000 0 ara d
082 1 4 _a728.8/فين
100 1 _aفينر، فولفغانغ مولر
245 1 0 _aالقلاع :
_bأيام الحروب الصليبية /
250 _aط2.
264 1 _aدمشق :
_bدار الفكر،
_c1984.
300 _a340ص : مص
650 1 7 _aالقلاع
650 1 7 _aالحروب الصليبية
700 1 _aالجلاد، محمد وليد
_eترجمة
942 _2ddc
_cBK
999 _c10962
_d10962